000 00517nam a22001817a 4500
999 _c188058
_d188058
005 20220509151949.0
010 _aENG-132568
020 _a9788190042238
_c495.00
035 _aEN-116100
037 _bDBAD/PUB
082 _a954.4
100 _aSharma,M.L
245 _aHistory of The Jaipur State/
_cM.L. Sharma
260 _aJodhpur
_bBook Treasure
_c2012
270 _aOutside Sojati Gate, B/H Agra Sweet Home
_bJodhpur
_e342001
300 _a272p
_c22cm(hbk)
942 _2ddc
_cEN
_h954.4
_mSHA